| 000 | 00903cab a2200253 4500 | ||
|---|---|---|---|
| 001 | ABS49108 | ||
| 008 | 090401t1993 xxu||||| |||| 00| 0 eng d | ||
| 035 | _a(Sirsi) u70028 | ||
| 041 | _aeng | ||
| 100 | _aLloyd, H. | ||
| 245 | _aHarsh negligence lesson in courts | ||
| 260 | _c1993 | ||
| 350 | _a0 | ||
| 490 |
_aBuilding _v258(7806) 6 August 1993, 20(1) |
||
| 520 | _aDiscusses "Preston v Torfaen BC" (WB2928-45) in which a couple who exercised their right to buy found that they had no claim in negligence against the council when their home suffered structural defects. | ||
| 650 | _aCOUNCIL HOUSING | ||
| 650 | _aBUILT ENVIRONMENT-BUILDING ELEMENTS-COMPLETE BUILDING ELEMENTS-FOUNDATIONS | ||
| 650 | _aHOUSING ACT 1980 | ||
| 650 | _aMURPHY V BRENTWOOD DC | ||
| 650 | _aRIGHT TO BUY | ||
| 690 | _aBUILDING AND CONSTRUCTION-DEFECTS AND FAILURES | ||
| 942 | _n0 | ||
| 948 | _c04/03/1997 | ||
| 999 |
_c44048 _d44048 |
||